000 00463nam a2200181Ia 4500
005 20250326143947.0
008 250326s9999 xx 000 0 und d
037 _aTextbook
040 _aFMSL
_beng
_cFMSL
041 _aeng
_2eng
084 _aS K82
_qFMSL
100 _aJones G S
_9748808
245 0 _aTreatment of torture
_cJones G S
260 _aNY
_bNY, Tavistock
_c1968
300 _a324p
942 _cTB
_hS K82
999 _c1301783
_d1301783